| Tag |
First Indicator |
Second Indicator |
Subfields |
| LEADER |
00000cam a2200000 a 4500 |
| 001 |
in00000085247 |
| 005 |
20151008055817.0 |
| 008 |
800110s1979 dcu b 00010 eng d |
| 010 |
|
|
|a 79063850
|
| 020 |
|
|
|a 0819107468
|
| 035 |
|
|
|a (OCoLC)05862504
|
| 035 |
|
|
|9 AAJ4447AM
|
| 040 |
|
|
|a VXI
|c VXI
|d OCL
|d m.c.
|d TXA
|d UtOrBLW
|
| 043 |
|
|
|a n-us---
|
| 049 |
|
|
|a TXAM
|c [387802]
|
| 090 |
|
|
|a KF450.P8
|b G6
|
| 092 |
|
|
|a 342.73
|b G 696
|
| 100 |
1 |
|
|a Gould, David J.
|
| 245 |
1 |
0 |
|a Law and the administrative process :
|b analytic frameworks for understanding public policymaking /
|c David J. Gould.
|
| 264 |
|
1 |
|a Washington, D.C. :
|b University Press of America,
|c [1979]
|
| 264 |
|
4 |
|c ©1979
|
| 300 |
|
|
|a xiii, 318 pages ;
|c 23 cm.
|
| 336 |
|
|
|a text
|b txt
|2 rdacontent
|
| 337 |
|
|
|a unmediated
|b n
|2 rdamedia
|
| 338 |
|
|
|a volume
|b nc
|2 rdacarrier
|
| 504 |
|
|
|a Includes bibliographical references.
|
| 650 |
|
0 |
|a Public policy (Law)
|z United States.
|
| 650 |
|
0 |
|a Administrative procedure
|z United States.
|
| 650 |
|
0 |
|a Public administration.
|
| 999 |
|
|
|a MARS
|
| 999 |
f |
f |
|s c5fb18e0-6700-3dc0-9de8-6b2bafd64096
|i a9edc3a9-ca43-35ec-999b-b587a3a651ac
|t 0
|
| 952 |
f |
f |
|p ric
|a Texas A&M University
|b Rellis Campus
|c Joint Library Facility
|d Remote Storage
|t 0
|e KF450.P8 G6
|h Library of Congress classification
|i unmediated -- volume
|m A14806154951
|
| 998 |
f |
f |
|a KF450.P8 G6
|t 0
|l Remote Storage
|